LIBRARY & INFORMATION CENTRE, KCAET, TAVANUR

ONLINE PUBLIC ACCESS CATALOGUE (OPAC)

Hydrology and water resources engineering / (Record no. 12172)

MARC details
000 -LEADER
fixed length control field 00503cam a2200193ua 4500
020 ## - INTERNATIONAL STANDARD BOOK NUMBER
ISBN 8173192906
041 ## - LANGUAGE CODE
Language code of text/sound track or separate title eng
082 ## - DEWEY DECIMAL CLASSIFICATION NUMBER
Classification number 551.48
Item number PAT/HY
100 ## - MAIN ENTRY--AUTHOR NAME
Personal name Patra, K.C .
245 ## - TITLE STATEMENT
Title Hydrology and water resources engineering /
260 ## - PUBLICATION, DISTRIBUTION, ETC. (IMPRINT)
Place of publication New Delhi :
Name of publisher Narosa Publishing House ,
Year of publication 2002.
300 ## - PHYSICAL DESCRIPTION
Number of Pages 562 ; .
500 ## - GENERAL NOTE
General note 20878- scheme
942 ## - ADDED ENTRY ELEMENTS (KOHA)
Koha item type Books
Holdings
Withdrawn status Lost status Damaged status Home library Current library Date acquired Full call number Accession Number Koha item type
      KAUAET KAUAET 07/04/2012 551.48 PAT/HY 20878 Books
      KAUAET KAUAET 07/04/2012 551.48 PAT/HY 20959 Books
free website counter